Polscy youtuberzy najbliżej danego progu subskrybcji - Statystyki

Ogólne statystyki
  • Ten quiz został rozwiązany 82 razy
  • Średni wynik to 1 z 10
Statystyki odpowiedzi
Cel Odpowiedź % Poprawnych
5M Blowek
100%
4M Sa Wardega
20%
3.5M AbstrachujeTV
7%
2.5M IsAmU
4%
1M SerafinTV
3%
900K Da Mian
1%
800K iSuperMWK.
1%
1.5M Remigiusz Maciaszek
1%
700K That's Alien!
1%
2M YOUNG MULTI & YFL
1%
Nie znaleziono quizów pasujących do podanych kryteriów
Rozkład punktacji
Procent ludzi z każdym wynikiem
Percentyl według liczby udzielonych odpowiedzi
Twoja historia wyników
Nie rozwiązałeś tego quizu